[Event "VIE-ch U13"]
[Site "Ho Chi Minh City"]
[Date "2022.07.13"]
[Round "4"]
[White "Tran, Khai Duy"]
[Black "Le, Hoang Anh"]
[Result "1/2-1/2"]
[WhiteElo "2323"]
[BlackElo "2314"]
[PlyCount "134"]
[EventDate "2022.07.11"]
[EventType "swiss"]
[EventRounds "9"]
[EventCountry "VIE"]
[SourceTitle "EXT 2023"]
[Source "ChessBase"]
[SourceDate "2022.10.05"]
[SourceVersion "1"]
[SourceVersionDate "2022.10.05"]
[SourceQuality "1"]

1. e4 e6 2. d4 d5 3. exd5 exd5 4. Bd3 Bd6 5. h3 h6 6. Nf3 Ne7 7. 0-0 0-0 8. c4 c6 9. Nc3 dxc4 10. Bxc4 Bf5 11. Bd3 Bxd3 12. Qxd3 Ng6 13. Ne2 Na6 14. a3 Nc7 15. Be3 Nd5 16. Nc3 Bc7 17. Qf5 Qf6 18. Qxf6 Nxf6 19. Rad1 Rad8 20. Rfe1 Rfe8 21. g3 Nd5 22. Nxd5 Rxd5 23. Bd2 Red8 24. Rc1 Bb6 25. Be3 Nf8 26. Kg2 Ne6 27. Rc4 Kf8 28. Rd1 c5 29. dxc5 Rxd1 30. cxb6 axb6 31. Bxb6 R8d6 32. Be3 Rc6 33. Rb4 Rc7 34. Rb5 Rb1 35. Nd4 Nxd4 36. Bxd4 Rd7 37. Be3 Ke7 38. a4 Kd6 39. b4 Rb3 40. Bf4+ Ke6 41. Be3 Rb2 42. Kf3 Rc7 43. a5 Ke7 44. Ke4 Rc4+ 45. Kd5 Rc7 46. Rb6 Rd7+ 47. Ke4 Ra2 48. h4 f6 49. h5 Kf7 50. g4 Rc2 51. b5 Ra2 52. a6 Ra4+ 53. Kf3 bxa6 54. Rxa6 Rb4 55. b6 Rb7 56. Ra3 g6 57. hxg6+ Kxg6 58. Rc3 R7xb6 59. Bxb6 Rxb6 60. Rc5 Rb3+ 61. Kg2 Rb2 62. Kg3 Rb3+ 63. f3 Ra3 64. Rb5 Rc3 65. Kf4 Rc4+ 66. Ke3 Rc3+ 67. Ke4 Rc4+ 1/2-1/2

[Event "VIE-ch U13"]
[Site "Ho Chi Minh City"]
[Date "2022.07.12"]
[Round "3"]
[White "Le, Hoang Anh"]
[Black "Dam, Quoc Bao"]
[Result "1/2-1/2"]
[WhiteElo "2314"]
[BlackElo "2319"]
[PlyCount "22"]
[EventDate "2022.07.11"]
[EventType "swiss"]
[EventRounds "9"]
[EventCountry "VIE"]
[SourceTitle "EXT 2023"]
[Source "ChessBase"]
[SourceDate "2022.10.05"]
[SourceVersion "1"]
[SourceVersionDate "2022.10.05"]
[SourceQuality "1"]

1. d4 d5 2. c4 e6 3. Nc3 Nf6 4. Bg5 Be7 5. e3 0-0 6. Nf3 h6 7. Bh4 c6 8. Qc2 Nbd7 9. Bd3 b6 10. 0-0 Bb7 11. Rac1 Rc8 1/2-1/2

[Event "VIE-ch U13"]
[Site "Hanoi"]
[Date "2022.06.15"]
[Round "7"]
[White "Nguyen, Khanh Lam"]
[Black "Le, Hoang Anh"]
[Result "1-0"]
[WhiteElo "2348"]
[BlackElo "2381"]
[PlyCount "55"]
[EventDate "2022.06.11"]
[EventType "swiss"]
[EventRounds "9"]
[EventCountry "VIE"]
[SourceTitle "EXT 2023"]
[Source "ChessBase"]
[SourceDate "2022.10.05"]
[SourceVersion "1"]
[SourceVersionDate "2022.10.05"]
[SourceQuality "1"]

1. d4 Nf6 2. c4 e6 3. g3 Bb4+ 4. Bd2 Bxd2+ 5. Nxd2 0-0 6. Ngf3 d5 7. Bg2 c6 8. 0-0 Nbd7 9. Qc2 Qc7 10. e4 dxe4 11. Nxe4 Nxe4 12. Qxe4 Nf6 13. Qc2 c5 14. Rac1 Bd7 15. d5 exd5 16. cxd5 Rad8 17. Rfd1 Qd6 18. Nd2 Bg4 19. f3 Bh5 20. Nc4 Qa6 21. d6 b5 22. Ne5 Rfe8 23. Bh3 Rxd6 24. Bc8 Rxd1+ 25. Rxd1 Qxc8 26. Qd2 Kf8 27. Qd6+ Kg8 28. Nc6 1-0

[Event "VIE-ch U13"]
[Site "Hanoi"]
[Date "2022.06.13"]
[Round "3"]
[White "Ha, Quoc Khanh"]
[Black "Le, Hoang Anh"]
[Result "1-0"]
[WhiteElo "2354"]
[BlackElo "2381"]
[PlyCount "60"]
[EventDate "2022.06.11"]
[EventType "swiss"]
[EventRounds "9"]
[EventCountry "VIE"]
[SourceTitle "EXT 2023"]
[Source "ChessBase"]
[SourceDate "2022.10.05"]
[SourceVersion "1"]
[SourceVersionDate "2022.10.05"]
[SourceQuality "1"]

1. d4 Nf6 2. c4 d5 3. Nf3 Bg4 4. Qb3 b6 5. Ne5 dxc4 6. Qxc4 Be6 7. Qc3 Nd5 8. Qf3 Qd6 9. Nc3 Nc6 10. Nxc6 Qxc6 11. Bd2 Rd8 12. e3 Qb7 13. Rc1 c6 14. Bc4 Qd7 15. Nxd5 cxd5 16. Bd3 Rc8 17. 0-0 f6 18. b3 g6 19. Rxc8+ Qxc8 20. Bb5+ Kf7 21. Rc1 Qd8 22. Qf4 Bg7 23. g4 Qb8 24. Rc7 Rc8 25. Rxc8 Qxc8 26. Bb4 Qc1+ 27. Kg2 g5 28. Qb8 Bc8 29. Bc5 Bxg4 30. Qe8+ Ke6 1-0

[Event "VIE-ch U13"]
[Site "Hanoi"]
[Date "2022.06.11"]
[Round "1"]
[White "Phan, Tran Bao Khang"]
[Black "Le, Hoang Anh"]
[Result "1-0"]
[WhiteElo "2356"]
[BlackElo "2381"]
[PlyCount "63"]
[EventDate "2022.06.11"]
[EventType "swiss"]
[EventRounds "9"]
[EventCountry "VIE"]
[SourceTitle "EXT 2023"]
[Source "ChessBase"]
[SourceDate "2022.10.05"]
[SourceVersion "1"]
[SourceVersionDate "2022.10.05"]
[SourceQuality "1"]

1. e4 d6 2. Nc3 Nf6 3. g3 Bg4 4. f3 Bh5 5. Bg2 e5 6. Nge2 c6 7. d3 Qb6 8. d4 Nbd7 9. g4 Bg6 10. g5 Nh5 11. 0-0 Be7 12. Kh1 f6 13. Bh3 exd4 14. Nxd4 fxg5 15. Ne6 h6 16. Na4 Qa5 17. c4 Rc8 18. Bd2 Qa6 19. Rc1 Bf7 20. Bb4 Bxe6 21. Bxe6 Nhf6 22. Bxd6 Bxd6 23. Qxd6 Rd8 24. Bf5 Nf8 25. Qe5+ Kf7 26. Nc5 Qb6 27. Be6+ Nxe6 28. Qxe6+ Kg6 29. Qf5+ Kf7 30. e5 Rhe8 31. Ne4 Qa5 32. e6+ 1-0

[Event "Eastern Asia-ch U12"]
[Site "Tornelo INT"]
[Date "2021.10.29"]
[Round "2"]
[White "Bui, Tran Minh Khang"]
[Black "Le, Hoang Anh"]
[Result "1-0"]
[WhiteElo "1397"]
[BlackElo "1161"]
[PlyCount "69"]
[EventDate "2021.10.29"]
[EventType "swiss"]
[EventRounds "9"]
[EventCountry "NET"]
[SourceTitle "EXT 2023"]
[Source "ChessBase"]
[SourceDate "2022.10.05"]
[SourceVersion "1"]
[SourceVersionDate "2022.10.05"]
[SourceQuality "1"]

1. c4 e6 2. g3 Nf6 3. Bg2 d5 4. d4 c6 5. Nf3 Bb4+ 6. Bd2 Bd6 7. cxd5 exd5 8. 0-0 Bf5 9. Nc3 Nbd7 10. a3 0-0 11. b4 Nb6 12. b5 Nc4 13. bxc6 bxc6 14. Bg5 h6 15. Bxf6 Qxf6 16. e3 Bxa3 17. Ne5 Nxe5 18. dxe5 Qe7 19. Qb3 Bc5 20. Rfc1 Rfb8 21. Qa4 Bd7 22. Qd1 Bf5 23. Na4 Rb5 24. Bf1 Ra5 25. Nxc5 Rxc5 26. Qa4 Bd7 27. Qa3 Rxc1 28. Qxe7 Rxa1 29. Qxd7 Rc1 30. e6 fxe6 31. Qxe6+ Kh8 32. Kg2 Rf8 33. Bd3 Rc3 34. Qg6 Rxd3 35. Qxd3 1-0